Loading...
| Literature - European | 0 | 8 | 0 | 1 | 80 | 74 | 112.38 | 1 | 1 | 0.00 | 0.00 |
| Literature - British | 0 | 7 | 0 | 1 | 70 | 110 | 132.86 | 0 | 0 | 0.00 | 0.00 |
| Fine Arts - Other | 0 | 8 | 3 | 1 | 65 | 85 | 110.13 | 0 | 1 | 0.00 | 0.00 |
| Painting & Sculpture | 0 | 6 | 1 | 0 | 55 | 54 | 105.00 | 0 | 2 | 0.00 | 0.00 |
| Literature - American | 0 | 6 | 3 | 3 | 45 | 101 | 130.17 | 1 | 1 | 0.00 | 0.00 |
| Fine Arts - Classical Music | 0 | 5 | 2 | 1 | 40 | 108 | 121.20 | 0 | 1 | 0.00 | 0.00 |
| Literature - World | 0 | 4 | 0 | 0 | 40 | 115 | 134.75 | 0 | 0 | 0.00 | 0.00 |
| Other Academic | 0 | 2 | 0 | 0 | 20 | 111 | 112.00 | 0 | 0 | 0.00 | 0.00 |
| Science - Chemistry | 0 | 1 | 0 | 0 | 10 | 116 | 116.00 | 0 | 0 | 0.00 | 0.00 |
| History - European | 0 | 1 | 0 | 0 | 10 | 119 | 119.00 | 0 | 0 | 0.00 | 0.00 |
| Any History | 0 | 1 | 0 | 0 | 10 | 104 | 104.00 | 0 | 0 | 0.00 | 0.00 |
| Philosophy | 0 | 1 | 0 | 1 | 10 | 143 | 143.00 | 0 | 0 | 0.00 | 0.00 |
| Religion | 0 | 1 | 0 | 0 | 10 | 122 | 122.00 | 0 | 0 | 0.00 | 0.00 |
| Science - Biology | 0 | 1 | 0 | 0 | 10 | 94 | 94.00 | 0 | 0 | 0.00 | 0.00 |
| Geography | 0 | 0 | 1 | 0 | -5 | 0.00 | 0 | 0 | 0.00 | 0.00 |